| 000 | 00557nam a22001937a 4500 | ||
|---|---|---|---|
| 005 | 20250402141126.0 | ||
| 010 | _aENG-144459 | ||
| 020 |
_a9789395401418 _c1475.00 |
||
| 035 | _aEN-127991 | ||
| 037 | _bDBAD | ||
| 082 | _a304.2 | ||
| 100 |
_aPuri, Sidhartha _980110 |
||
| 245 |
_aSocial and Cultural Anthropology _cSidhartha Puri |
||
| 250 | _a1 | ||
| 260 |
_aNew Delhi _bRajat Publications _c2024 |
||
| 270 |
_a4740/23, Ansari Road, Daryagan _bNew Delhi _e110002 |
||
| 300 |
_axii, 260p. _c24cm(Hb) |
||
| 942 |
_2ddc _cEN _mPUR _h304.2 |
||
| 999 |
_c210655 _d210655 |
||